| 000 | 01775nam a2200385 i 4500 | ||
|---|---|---|---|
| 001 | 000000629 | ||
| 003 | DO-SdBNP | ||
| 005 | 20250411121907.0 | ||
| 007 | ta | ||
| 008 | 090331s2008 dr c 001 0 spa d | ||
| 020 | _a9789945861389 | ||
| 040 |
_aDO-SdBNP _bspa _cBNPHU _erda |
||
| 082 | 4 |
_a972.9302 _bN789c, 2008 _222 |
|
| 100 | 1 |
_aNolasco, Flérida de, _d1891-1976 _935151 |
|
| 245 | 1 | 0 |
_aClamor de justicia en la Española : _b1502-1795 / _cFlérida de Nolasco ; presentación, Daniel Toribio ; exordio, Mariano Mella ; introducción, Fr. José Manuel Rodríguez Suárez. |
| 250 | _a2a ed. | ||
| 264 |
_aSanto Domingo : _bBanreservas : _bSociedad Dominicana de Bibliófilos, _c2008. |
||
| 300 |
_a193 páginas : _bretratos ; _c22 cm. |
||
| 336 |
_2rdacontent _atexto _btxt |
||
| 337 |
_2rdamedia _asin mediación _bn |
||
| 338 |
_2rdacarrier _avolumen _bnc |
||
| 490 | 1 |
_aBibliófilos Banreservas ; _v4 |
|
| 500 | _aIncluye datos biográficos del autor en la solapa de la cubierta | ||
| 500 | _aIncluye índices e índice onomástico. | ||
| 504 | _aBibliografía : p. 185-186 | ||
| 505 | 0 |
_aPresentación / _rDaniel Torribio -- _tExordio / _rMariano Mella -- _tClamor de justicia en la Española 1502-1795 -- _rFr. José Manuel Rodríguez Suárez OP _tOfrenda -- _tA manera de prólogo -- _tLa isla madre -- _tAnte una realidad heroicamente hermosa -- _tAl margen de lo escrito -- _tBibliografía -- _tObras de la autora -- _tíndice onomástico. |
|
| 590 | _aInventariado, 2023/BT | ||
| 650 | 4 |
_aDominicos _zRepública Dominicana _92100 |
|
| 651 | 4 |
_aRepública Dominicana _xHistoria Eclesiástica _91736 |
|
| 700 | 1 |
_aToribio, Daniel _9588 |
|
| 700 | 1 |
_aMella, Mariano _92101 |
|
| 700 | 1 |
_aRodríguez Suárez, José Manuel _92102 |
|
| 910 | _aBtavárez | ||
| 942 |
_2ddc _cLBS1 |
||
| 999 |
_c627 _d627 |
||